000 01012cad a22002535a 4500
001 E150906
008 100914s2010 xxk f lf000 0 eng d
035 _a(Sirsi) u150906
041 0 _aeng
050 0 4 _a711.1 $2 18
110 2 _aUnited Kingdom
_kLaws, etc.
_95044
245 0 4 _aThe Town and Country Planning (Compensation) (No. 3) (England) Regulations 2010
_h[electronic resource]
260 _aLondon
_bHM Government
_c2010
490 0 _aSI
_v(2135) 2010
520 _aPrescribes certain matters for the purposes of the Town and Country Planning Act 1990 S108. Applies to England only.
520 _aComes into force on 1 October 2010.
521 _aAdvanced
590 _aKA
650 2 4 _aTOWN AND COUNTRY PLANNING (COMPENSATION) (NO. 3) (ENGLAND) REGULATIONS 2010
651 4 _aEngland
_y886-
690 _aPlanning and development
_96259
856 4 0 _uhttps://www.legislation.gov.uk/uksi/2010/2135/contents/made
_zView the item free of charge online at www.legislation.gov.uk...
942 _n0
999 _c111014
_d111014